000 00387 a2200145 4500
082 _a891.43901
090 _c1069
_d1069
100 _a Jamil Naqvi
245 _a Urdu Tafaseer (Urdu)
_c Jamil Naqvi
260 _aIslamabad:
_bMuqtadara Qomi Zuban,
_c 1992.
300 _a174 p.
_c 22 cm.
500 _aIncludes Index
650 _aUrdu literature--Bibliography
942 _cBK
_k891.43901 JAM
999 _c5032
_d5032